Teaching practice: lession planning (Record no. 153356)

MARC details
000 -LEADER
fixed length control field 00617nam a22001937a 4500
005 - DATE AND TIME OF LATEST TRANSACTION
control field 20180704132900.0
010 ## - LCCN (DPL NO)
LC control number B-216519
020 ## - INTERNATIONAL STANDARD BOOK NUMBER
International Standard Book Number 9788131301333
Terms of availability 695.00
035 ## - SYSTEM CONTROL NUMBER
System control number B-216519
037 ## - SOURCE OF ACQUISITION
Source of stock number/acquisition A P H Publication Corporation
082 ## - DEWEY DECIMAL CLASSIFICATION NUMBER
Classification number 372.86
100 ## - MAIN ENTRY--PERSONAL NAME
Personal name Singh, Yogesh Kumar
245 ## - TITLE STATEMENT
Title Teaching practice: lession planning
Statement of responsibility, etc Yogesh Kumar Singh
260 ## - PUBLICATION, DISTRIBUTION, ETC. (IMPRINT)
Place of publication, distribution, etc New Delhi
Name of publisher, distributor, etc A P H Publication Corporation
Date of publication, distribution, etc 2007
270 ## - ADDRESS
Address 4435-36/7, Ansari Road, Daryaganj, New Delhi-110002
City New Delhi
Postal code 110002
300 ## - PHYSICAL DESCRIPTION
Extent 312p.
Dimensions 22cm(hb)
942 ## - ADDED ENTRY ELEMENTS (KOHA)
Source of classification or shelving scheme Dewey Decimal Classification
Item type English Books
Classification part 372.86
Call number suffix YOG
Holdings
Withdrawn status Lost status Not for loan Collection code Home library Current library Date acquired Full call number Barcode Koha item type
      Non-fiction Sarojini Nagar Sarojini Nagar 04/07/2018 372.86 YOG B-216519 English Books

© Delhi Public Library
Hit Counter
free hit counter